Animal Cell Biotechnology (Record no. 60536)
[ view plain ]
| 000 -LEADER | |
|---|---|
| fixed length control field | 00484nam a22001817a 4500 |
| 005 - DATE & TIME | |
| control field | 20260317132811.0 |
| 008 - FIXED-LENGTH DATA ELEMENTS--GENERAL INFORMATION | |
| fixed length control field | 260317b |||||||| |||| 00| 0 eng d |
| 020 ## - ISBN | |
| International Standard Book Number | 0896035476 |
| Price | 1995.00 |
| 040 ## - CATALOGING SOURCE | |
| Original cataloging agency | Doon University |
| 041 ## - Language | |
| Language | English |
| 082 ## - DDC NUMBER | |
| Classification number | 660.6 |
| Book Number | ANI |
| 100 ## - MAIN ENTRY--PERSONAL NAME | |
| Personal name | Jenkins, Nigel (ed) |
| 245 ## - TITLE STATEMENT | |
| Title | Animal Cell Biotechnology |
| Sub Title | Methods and Protocols |
| 260 ## - PUBLICATION, DISTRIBUTION, ETC. (IMPRINT) | |
| Place of publication, distribution, etc | New Jersey |
| Name of publisher, distributor, etc | Humana Press |
| Date of publication, distribution, etc | 2005 |
| 300 ## - PHYSICAL DESCRIPTION | |
| Pages | 302 |
| 650 ## - Subject | |
| Subject | Biological Science |
| 942 ## - ADDED ENTRY ELEMENTS (KOHA) | |
| Koha item type | Books |
| 100 ## - MAIN ENTRY--PERSONAL NAME | |
| -- | 26509 |
| 650 ## - Subject | |
| -- | 14046 |
| 952 ## - LOCATION AND ITEM INFORMATION (KOHA) | |
| -- | 2026-03-17 |
| 952 ## - LOCATION AND ITEM INFORMATION (KOHA) | |
| -- | 2026-03-17 |
| 952 ## - LOCATION AND ITEM INFORMATION (KOHA) | |
| -- | 2026-03-17 |
| 952 ## - LOCATION AND ITEM INFORMATION (KOHA) | |
| -- | 2026-03-17 |
| 952 ## - LOCATION AND ITEM INFORMATION (KOHA) | |
| -- | 2026-03-17 |
| Withdrawn status | Lost status | Source of classification or shelving scheme | Damaged status | Not for loan | Location (home branch) | Sublocation or collection (holding branch) | Date acquired | Koha full call number | Accession No. | Koha date last seen | Koha item type | Koha issues (times borrowed) |
|---|---|---|---|---|---|---|---|---|---|---|---|---|
| Not For Loan | Doon University | Doon University | 17.03.2026 | 660.6 ANI | 53482 | 17.03.2026 | Reference | |||||
| Doon University | Doon University | 17.03.2026 | 660.6 ANI | 53483 | 17.03.2026 | Books | ||||||
| Doon University | Doon University | 17.03.2026 | 660.6 ANI | 53484 | 17.03.2026 | Books | ||||||
| Doon University | Doon University | 17.03.2026 | 660.6 ANI | 53485 | 17.03.2026 | Books | ||||||
| Doon University | Doon University | 17.03.2026 | 660.6 ANI | 53486 | 17.03.2026 | Books |